000 01034naa a2200277 c 4500
001 41966
003 ES-MaCES
005 20250207040009.0
008 110802n2011 sp t 000 | spa d
035 _aCES20110008581v
040 _aES-MaCES
_bspa
_cES-MaCES
100 1 _aVelasco Portero, Mª Teresa
_925662
245 1 3 _aEl régimen jurídico de la contratación temporal en Alemania
_b: más es menos
_cMª Teresa Velasco Portero
650 4 _asentencia judicial
_929888
650 4 _atribunal supremo
_929919
650 4 _alegislación del trabajo
_927166
650 4 _atrabajador de edad avanzada
_928410
650 4 _aflexibilidad del trabajo
_930174
650 4 _acontrato de trabajo de duración determinada
_930650
650 4 _atrabajador
_928414
653 1 0 _aJurisprudencia
773 0 _tActualidad laboral
_gn. 13 (1ª quinc. jul. 2011){10002 R. 079694}; p. 1534-1549
_w(ES-MaCES)25022
_929337
902 _aART Artículo de revista
942 _2CES
_cAR
_h6.2.
999 _c41966
_d41966